[Event "Mondariz op 5th"]
[Site "Mondariz"]
[Date "2007.08.29"]
[Round "5"]
[White "Cebrian Ramos, Jose Luis"]
[Black "Llorente Zaro, Alfonso"]
[Result "0-1"]
[WhiteElo "2056"]
[BlackElo "2422"]
[PlyCount "84"]
[EventDate "2007.08.25"]
[EventType "swiss"]
[EventRounds "9"]
[EventCountry "ESP"]
[SourceTitle "CBM 120 Extra"]
[Source "ChessBase"]
[SourceDate "2007.11.01"]
[SourceVersion "1"]
[SourceVersionDate "2007.11.01"]
[SourceQuality "1"]

1. d4 d6 2. c4 e5 3. Nf3 e4 4. Ng5 Nf6 5. g3 h6 6. Nh3 c6 7. Bg2 Bf5 8. Qb3 Qd7 9. f3 d5 10. Nf2 dxc4 11. Qxc4 b5 12. Qb3 Qxd4 13. 0-0 Bc5 14. Nc3 Nbd7 15. Bf4 e3 16. Nh3 Qd2 17. Rac1 g5 18. Bc7 a5 19. g4 a4 20. Qd1 Be6 21. Rc2 Qxd1 22. Rxd1 b4 23. Ne4 Nxe4 24. fxe4 Bxa2 25. e5 Bb3 26. Bxc6 Bxc2 27. Rxd7 0-0 28. e6 Ra6 29. exf7+ Kh7 30. Bd5 a3 31. bxa3 bxa3 32. Ba2 Ra7 33. Kf1 Kg6 34. Ng1 Rc8 35. Rd8 Raxc7 36. Rg8+ Kf6 37. Nf3 Rf8 38. h4 Rcxf7 39. hxg5+ Ke7 40. Rxf8 Kxf8 41. gxh6 Rxf3+ 42. exf3 Bd3+ 0-1

[Event "Burgas op 16th"]
[Site "Ourense"]
[Date "2007.07.06"]
[Round "2"]
[White "Cebrian Ramos, Jose Luis"]
[Black "Ortiz Suarez, Isan Reynaldo"]
[Result "0-1"]
[WhiteElo "2056"]
[BlackElo "2390"]
[PlyCount "66"]
[EventDate "2007.07.05"]
[EventType "swiss"]
[EventRounds "9"]
[EventCountry "ESP"]
[SourceTitle "EXT 2008"]
[Source "ChessBase"]
[SourceDate "2007.11.25"]
[SourceVersion "1"]
[SourceVersionDate "2007.11.25"]
[SourceQuality "1"]

1. d4 g6 2. c4 Bg7 3. Nc3 d6 4. e4 Nc6 5. Be3 e5 6. d5 Nce7 7. Qd2 f5 8. f3 Nf6 9. Bd3 0-0 10. Nge2 b6 11. 0-0-0 fxe4 12. Nxe4 Nf5 13. Nxf6+ Bxf6 14. Bxf5 Bxf5 15. Ng3 Qd7 16. Rhe1 a5 17. Bh6 Rfb8 18. Ne4 Bxe4 19. Rxe4 b5 20. c5 dxc5 21. d6 cxd6 22. Qxd6 Qf7 23. Rd2 Rd8 24. Qc6 b4 25. Rxd8+ Rxd8 26. Qxc5 Qd7 27. Qc4+ Kh8 28. Qe2 g5 29. Rc4 Qf7 30. h4 gxh4 31. Qc2 Qh5 32. Be3 h3 33. gxh3 Qxf3 0-1

[Event "Pedrido Memorial"]
[Site "Vilagarcia de Arousa"]
[Date "2006.08.31"]
[Round "7"]
[White "Milchev, Nikolay"]
[Black "Cebrian Ramos, Jose Luis"]
[Result "1-0"]
[WhiteElo "2213"]
[BlackElo "2102"]
[PlyCount "119"]
[EventDate "2006.07.25"]
[EventType "swiss"]
[EventRounds "9"]
[EventCountry "ESP"]
[SourceTitle "CBM 113 Extra"]
[Source "ChessBase"]
[SourceDate "2006.09.14"]
[SourceVersion "1"]
[SourceVersionDate "2006.09.14"]
[SourceQuality "1"]

1. d4 c5 2. d5 e5 3. c4 d6 4. e4 Be7 5. Nc3 Bg5 6. Bxg5 Qxg5 7. h4 Qe7 8. g3 a6 9. Bh3 Nd7 10. Nf3 Ngf6 11. h5 Qf8 12. Qd2 Rb8 13. a4 b6 14. Ke2 g6 15. g4 Qg7 16. Rag1 Rg8 17. Bf1 g5 18. Kd3 h6 19. Be2 Qh7 20. Nh2 b5 21. axb5 axb5 22. f3 bxc4+ 23. Ke3 Nb6 24. Nf1 Ke7 25. Ng3 Rd8 26. Ra1 Kf8 27. Ra5 Bd7 28. Rha1 Rb7 29. Kf2 Rdb8 30. Nd1 Bxg4 31. fxg4 Nxe4+ 32. Nxe4 Qxe4 33. Bf3 Qd4+ 34. Qxd4 cxd4 35. Rc1 Ke7 36. Ke2 Rc7 37. b3 Rbc8 38. Rb5 Nd7 39. bxc4 Rxc4 40. Rxc4 Rxc4 41. Rb7 Ra4 42. Nb2 Ra2 43. Be4 Ke8 44. Bb1 Ra6 45. Bd3 Rb6 46. Rxb6 Nxb6 47. Nc4 Nxc4 48. Bxc4 Kd7 49. Bd3 Kc7 50. Bg6 Kb6 51. Kd3 Kc5 52. Bxf7 e4+ 53. Kxe4 Kc4 54. Be8 d3 55. Ba4 d2 56. Bd1 Kc3 57. Ke3 Kc4 58. Kxd2 Kxd5 59. Kd3 Ke5 60. Ke3 1-0

[Event "Marin op"]
[Site "Marin"]
[Date "2004.07.20"]
[Round "8"]
[White "Salgado Lopez, Oscar"]
[Black "Cebrian Ramos, Jose Luis"]
[Result "1-0"]
[WhiteElo "2153"]
[BlackElo "2092"]
[PlyCount "91"]
[EventDate "2004.07.??"]
[EventType "swiss"]
[EventRounds "9"]
[EventCountry "ESP"]
[SourceTitle "EXT 2005"]
[Source "ChessBase"]
[SourceDate "2004.11.15"]
[SourceVersion "1"]
[SourceVersionDate "2004.11.15"]
[SourceQuality "1"]

1. e4 c5 2. Nf3 d6 3. d4 cxd4 4. Nxd4 Nf6 5. Nc3 a6 6. Be3 e6 7. f3 b5 8. g4 Bb7 9. h4 Nfd7 10. Qd2 Nb6 11. g5 N8d7 12. a3 Rc8 13. h5 Ne5 14. Qg2 Nec4 15. Bc1 d5 16. Bxc4 Rxc4 17. Nb3 dxe4 18. Nxe4 Qc7 19. c3 Bxe4 20. fxe4 Qe5 21. Nd2 Rc8 22. Qg4 Bd6 23. Nf3 Qg3+ 24. Qxg3 Bxg3+ 25. Ke2 Bd6 26. Bd2 Na4 27. Ra2 Ke7 28. Rc1 Nc5 29. e5 Bb8 30. Be3 Rhd8 31. Bd4 Nb3 32. Rd1 Rd5 33. a4 b4 34. a5 Nxd4+ 35. cxd4 Rc2+ 36. Rd2 Rxd2+ 37. Kxd2 Bc7 38. Kd3 Bxa5 39. Kc4 f6 40. h6 f5 41. g6 gxh6 42. gxh7 Rd8 43. Rxa5 Kf7 44. Rxa6 Rh8 45. Kxb4 Rxh7 46. Ra7+ 1-0

[Event "Santxenxo op"]
[Site "Pontevedra"]
[Date "2004.06.21"]
[Round "10.11"]
[White "Cebrian Ramos, Jose Luis"]
[Black "Fenollar Jorda, Manuel"]
[Result "0-1"]
[WhiteElo "2099"]
[BlackElo "2237"]
[PlyCount "72"]
[EventDate "2004.06.??"]
[EventType "swiss"]
[EventRounds "10"]
[EventCountry "ESP"]
[SourceTitle "EXT 2005"]
[Source "ChessBase"]
[SourceDate "2004.11.15"]
[SourceVersion "1"]
[SourceVersionDate "2004.11.15"]
[SourceQuality "1"]

1. d4 d5 2. c4 c6 3. Nc3 Nf6 4. Nf3 e6 5. cxd5 exd5 6. Bg5 Be7 7. Qc2 0-0 8. e3 Ne4 9. Bf4 Qa5 10. Bd3 f5 11. 0-0 Nd7 12. Ne5 Qd8 13. Nxd7 Bxd7 14. f3 Nxc3 15. bxc3 Bg5 16. Bxg5 Qxg5 17. f4 Qe7 18. Rfe1 c5 19. c4 b5 20. cxd5 c4 21. Bf1 Qd6 22. g3 Rab8 23. Bg2 g6 24. Qc3 Rfc8 25. a3 Qb6 26. Qb4 Kf7 27. Rab1 a5 28. Qb2 b4 29. g4 c3 30. Qb3 c2 31. Rbc1 Rc3 32. Qb2 Rbc8 33. axb4 Qxb4 34. Qa1 Ra3 35. gxf5 Rxa1 36. fxg6+ hxg6 0-1

[Event "Santxenxo op"]
[Site "Pontevedra"]
[Date "2004.06.21"]
[Round "9.12"]
[White "Garcia Vicente, Nieves"]
[Black "Cebrian Ramos, Jose Luis"]
[Result "0-1"]
[WhiteElo "2265"]
[BlackElo "2099"]
[PlyCount "142"]
[EventDate "2004.06.??"]
[EventType "swiss"]
[EventRounds "10"]
[EventCountry "ESP"]
[SourceTitle "EXT 2005"]
[Source "ChessBase"]
[SourceDate "2004.11.15"]
[SourceVersion "1"]
[SourceVersionDate "2004.11.15"]
[SourceQuality "1"]

1. d4 c5 2. d5 e5 3. e4 d6 4. Bb5+ Nd7 5. a4 g6 6. Nf3 Bh6 7. Nbd2 Kf8 8. Bd3 Kg7 9. g4 Bf4 10. Rg1 g5 11. Nc4 Nf8 12. Bxf4 gxf4 13. a5 Ng6 14. Qe2 h5 15. gxh5 Rxh5 16. Nd4 cxd4 17. Qxh5 Qe7 18. Qg5 Kf8 19. Qxe7+ Kxe7 20. f3 Bd7 21. Ra3 Rd8 22. Rb3 Bc8 23. Kf2 Nf6 24. Na3 Rh8 25. Nb5 a6 26. Na7 Kd8 27. Rg2 Nd7 28. Nxc8 Kxc8 29. Bf1 Kc7 30. Kg1 Rh5 31. Ra3 Nf6 32. b4 Nd7 33. Rd3 b6 34. axb6+ Kxb6 35. Ra3 Nb8 36. Rg4 Rh7 37. Rg2 Rh8 38. c4 dxc3 39. Rxc3 Nh4 40. Rg7 f5 41. exf5 Nxf5 42. Rg6 a5 43. bxa5+ Kxa5 44. Rg2 Kb4 45. Rc4+ Kb3 46. Rc7 Ne3 47. Rg6 Nf5 48. Be2 Kb4 49. Rc4+ Ka5 50. Rc1 Nd7 51. Rg2 Nc5 52. Bd1 Kb6 53. Ra1 Kb5 54. Rc2 Rg8+ 55. Kf2 Nd3+ 56. Ke2 Nb4 57. Rb1 Rg2+ 58. Ke1 Rg1+ 59. Kd2 Rg2+ 60. Kc1 Rxc2+ 61. Bxc2 Nh4 62. Be4 Kc4 63. Kb2 Nd3+ 64. Kc2 Nc5 65. Rd1 Ng2 66. Rg1 Ne3+ 67. Kd2 Kd4 68. Bg6 Kxd5 69. h4 Ne6 70. h5 Nd4 71. Be4+ Kc5 0-1

[Event "Vila de Marin op 3rd"]
[Site "Pontevedra"]
[Date "2003.07.19"]
[Round "5.6"]
[White "Lazarev, Vladimir"]
[Black "Cebrian Ramos, Jose Luis"]
[Result "1-0"]
[WhiteElo "2521"]
[BlackElo "2071"]
[PlyCount "93"]
[EventDate "2003.07.15"]
[EventType "swiss"]
[EventRounds "9"]
[EventCountry "ESP"]
[SourceTitle "EXT 2004"]
[Source "ChessBase"]
[SourceDate "2003.11.25"]
[SourceVersion "1"]
[SourceVersionDate "2003.11.25"]
[SourceQuality "1"]

1. d4 c5 2. d5 e5 3. e4 d6 4. Bb5+ Nd7 5. a4 Be7 6. Qe2 h5 7. Nd2 g6 8. a5 Kf8 9. Bd3 Bg5 10. Ngf3 Bh6 11. h4 Qe7 12. c3 Kg7 13. g3 Ngf6 14. Ng5 Bxg5 15. hxg5 Nh7 16. Nc4 f6 17. gxf6+ Qxf6 18. f4 Qe7 19. f5 Ndf6 20. fxg6 Bg4 21. Qe3 Nf8 22. Qg5 Nxg6 23. 0-0 Raf8 24. b4 cxb4 25. cxb4 Bh3 26. Rf2 Ng4 27. Rf5 Nf6 28. Ne3 Nh7 29. Qxe7+ Nxe7 30. Rxh5 Bd7 31. Bd2 Kg6 32. Rh4 Ng5 33. Rxh8 Rxh8 34. Rf1 Bh3 35. Rf2 Bd7 36. Rf1 Bh3 37. Rf2 Bd7 38. Kf1 Rh3 39. Kg2 Rh8 40. Nc4 Nc8 41. Bxg5 Kxg5 42. Ne3 Rh7 43. Rf8 Bh3+ 44. Kf2 Kg6 45. g4 Rc7 46. Rh8 Rc3 47. Be2 1-0

[Event "Galicia-ch Absoluto"]
[Site "Mondariz"]
[Date "2003.04.15"]
[Round "4.7"]
[White "Pita Romero Rodriguez, Rafael"]
[Black "Cebrian Ramos, Jose Luis"]
[Result "0-1"]
[WhiteElo "2113"]
[BlackElo "2081"]
[PlyCount "88"]
[EventDate "2003.04.12"]
[EventType "swiss"]
[EventRounds "9"]
[EventCountry "ESP"]
[SourceTitle "EXT 2004"]
[Source "ChessBase"]
[SourceDate "2003.11.25"]
[SourceVersion "1"]
[SourceVersionDate "2003.11.25"]
[SourceQuality "1"]

1. e4 c5 2. Nc3 e6 3. f4 d5 4. Nf3 dxe4 5. Nxe4 Nc6 6. Bb5 Bd7 7. 0-0 Be7 8. d3 Nf6 9. Qe1 0-0 10. Bd2 Nd4 11. Bxd7 Qxd7 12. Ne5 Qc7 13. Qf2 Rad8 14. Bc3 Nd5 15. Rae1 Nxc3 16. bxc3 Nf5 17. Re2 b6 18. Ng3 Bh4 19. Qf3 Nxg3 20. hxg3 Bf6 21. g4 g6 22. g5 Bg7 23. Qh3 Rd5 24. Rfe1 b5 25. g3 Qa5 26. Rh2 h5 27. Nxg6 Re8 28. Ne5 Qxc3 29. Rf1 Qd4+ 30. Kh1 Bxe5 31. fxe5 Qg4 32. Qxg4 hxg4 33. Re2 Rd4 34. Kg2 Ra4 35. Rf6 Kg7 36. Ref2 Re7 37. R6f4 Rxa2 38. Rxg4 a5 39. Kf1 a4 40. Ke1 a3 41. Kd2 Ra1 42. g6 fxg6 43. Rf6 Rh1 44. Rfxg6+ Kh7 0-1

[Event "Poio op 2nd"]
[Site "Poio"]
[Date "2002.09.06"]
[Round "7.6"]
[White "Rodriguez Lopez, Rafael"]
[Black "Cebrian Ramos, Jose Luis"]
[Result "1-0"]
[WhiteElo "2273"]
[BlackElo "2066"]
[PlyCount "85"]
[EventDate "2002.08.31"]
[EventType "swiss"]
[EventRounds "9"]
[EventCountry "ESP"]
[SourceTitle "CBM 090 Extra"]
[Source "ChessBase"]
[SourceDate "2002.11.07"]
[SourceVersion "1"]
[SourceVersionDate "2002.11.07"]
[SourceQuality "1"]

1. Nf3 d5 2. g3 Nf6 3. Bg2 e6 4. 0-0 c5 5. d4 Nc6 6. c4 dxc4 7. Qa4 Bd7 8. Qxc4 cxd4 9. Nxd4 Rc8 10. Rd1 Qb6 11. Nxc6 Bxc6 12. Be3 Qa5 13. Nc3 Be7 14. Bxc6+ Rxc6 15. Qb5 Qxb5 16. Nxb5 a6 17. Nd4 Rc8 18. Rac1 0-0 19. Nb3 Nd5 20. Bc5 Bxc5 21. Rxc5 Rxc5 22. Nxc5 Rc8 23. Nxb7 Kf8 24. Rd2 Ke7 25. e4 Rc7 26. exd5 Rxb7 27. dxe6 Kxe6 28. Kf1 h5 29. h4 f6 30. b3 g5 31. Rd4 Rc7 32. Ra4 Rc6 33. Kg2 g4 34. Ra5 f5 35. Kf1 Kf6 36. b4 f4 37. gxf4 Rc4 38. Rxa6+ Kf5 39. b5 Kxf4 40. Ra3 Rc2 41. b6 g3 42. fxg3+ Kg4 43. b7 1-0

[Event "Poio op 2nd"]
[Site "Poio"]
[Date "2002.09.05"]
[Round "6.5"]
[White "Cebrian Ramos, Jose Luis"]
[Black "Fleites Marti, Yuleikys"]
[Result "1/2-1/2"]
[WhiteElo "2066"]
[BlackElo "2229"]
[PlyCount "135"]
[EventDate "2002.08.31"]
[EventType "swiss"]
[EventRounds "9"]
[EventCountry "ESP"]
[SourceTitle "CBM 090 Extra"]
[Source "ChessBase"]
[SourceDate "2002.11.07"]
[SourceVersion "1"]
[SourceVersionDate "2002.11.07"]
[SourceQuality "1"]

1. d4 d5 2. c4 c6 3. Nc3 Nf6 4. e3 e6 5. Nf3 Nbd7 6. Qc2 Bd6 7. Be2 0-0 8. 0-0 Qe7 9. Rd1 b6 10. Bd2 Bb7 11. Be1 Rac8 12. cxd5 exd5 13. Rac1 Ne4 14. Qb3 Ndf6 15. a3 Bb8 16. Qa2 Rfd8 17. b4 b5 18. Nxe4 Nxe4 19. Bd3 Ng5 20. Qe2 Rd6 21. Ne5 f6 22. Nf3 Re8 23. Nh4 Bc8 24. Rc2 g6 25. Rdc1 Bd7 26. a4 a6 27. axb5 axb5 28. Ra2 Qf8 29. f3 Rde6 30. Bd2 Bf4 31. e4 Bxd2 32. Qxd2 dxe4 33. fxe4 Nxe4 34. Bxe4 Rxe4 35. Nf3 Be6 36. Ra7 Bc4 37. Re1 R8e7 38. Rxe4 Rxe4 39. h3 Qb8 40. Rd7 Be6 41. Re7 Bd5 42. Rd7 Qe8 43. Ra7 Re2 44. Qf4 Qe3+ 45. Qxe3 Rxe3 46. Kf2 Rb3 47. h4 Rxb4 48. h5 Bxf3 49. Kxf3 Rxd4 50. h6 Rd8 51. Rg7+ Kh8 52. Rc7 Rb8 53. Ke3 Kg8 54. Rg7+ Kf8 55. Rxh7 Re8+ 56. Kf3 Re5 57. Rc7 Kg8 58. Rg7+ Kh8 59. Rxg6 Re6 60. Rg7 f5 61. Rb7 Rxh6 62. Kf4 b4 63. Kg5 Rh2 64. Rxb4 Rxg2+ 65. Kxf5 Rd2 66. Kg6 Rg2+ 67. Kf7 Rf2+ 68. Kg6 1/2-1/2

[Event "Peregrina op 18th"]
[Site "Pontevedra"]
[Date "2002.08.16"]
[Round "4.5"]
[White "Dimitrov, Vladimir"]
[Black "Cebrian Ramos, Jose Luis"]
[Result "1-0"]
[WhiteElo "2451"]
[BlackElo "2066"]
[PlyCount "67"]
[EventDate "2002.08.13"]
[EventType "swiss"]
[EventRounds "9"]
[EventCountry "ESP"]
[SourceTitle "EXT 2003"]
[Source "ChessBase"]
[SourceDate "2002.11.25"]
[SourceVersion "1"]
[SourceVersionDate "2002.11.25"]
[SourceQuality "1"]

1. d4 c5 2. d5 e5 3. e4 d6 4. c4 Be7 5. h3 f5 6. exf5 Bxf5 7. Nc3 Nf6 8. Nge2 0-0 9. Ng3 Bg6 10. Bd3 Bxd3 11. Qxd3 Nbd7 12. 0-0 a6 13. Be3 Qe8 14. Qf5 Rf7 15. Qc2 Rf8 16. Rae1 Nh5 17. Nf5 Qf7 18. g4 Nhf6 19. f4 Rfe8 20. g5 Nh5 21. fxe5 Qg6 22. Nxe7+ Rxe7 23. Qxg6 hxg6 24. exd6 Ree8 25. Kg2 b5 26. Bc1 bxc4 27. Re7 Red8 28. Be3 Rab8 29. Rf2 a5 30. Na4 Rb5 31. h4 Rb4 32. Nxc5 Nxc5 33. Bxc5 Rb5 34. d7 1-0

[Event "Poio op 1st"]
[Site "Poio"]
[Date "2001.09.04"]
[Round "4.4"]
[White "Hernando Rodrigo, Jose Maria"]
[Black "Cebrian Ramos, Jose Luis"]
[Result "1-0"]
[WhiteElo "2333"]
[BlackElo "2063"]
[PlyCount "97"]
[EventDate "2001.09.01"]
[EventType "swiss"]
[EventRounds "9"]
[EventCountry "ESP"]
[SourceTitle "EXT 2002"]
[Source "ChessBase"]
[SourceDate "2001.11.25"]
[SourceVersion "1"]
[SourceVersionDate "2001.11.25"]
[SourceQuality "1"]

1. d4 c5 2. d5 e5 3. e4 d6 4. Bb5+ Nd7 5. a4 a6 6. Bd3 Be7 7. Nf3 Ngf6 8. 0-0 0-0 9. c3 c4 10. Bc2 Nc5 11. Qe2 Bg4 12. Nbd2 Rc8 13. a5 b5 14. axb6 Qxb6 15. h3 Bxf3 16. Qxf3 Qb5 17. Qe2 Nd3 18. Bxd3 cxd3 19. Qf3 Nd7 20. c4 Qb4 21. Qxd3 Nc5 22. Qa3 Rb8 23. Qe3 h6 24. Qe2 Bg5 25. Rb1 Rb7 26. Nf3 Bxc1 27. Rfxc1 Rfb8 28. Kh2 a5 29. Nh4 g6 30. Qe3 Kh7 31. f4 exf4 32. Qxf4 Nd3 33. Qf1 Nxc1 34. Rxc1 Qxb2 35. Nf3 Re8 36. e5 dxe5 37. c5 e4 38. c6 exf3 39. cxb7 Qe5+ 40. Kg1 Qe3+ 41. Kh2 Qf4+ 42. Kh1 fxg2+ 43. Kxg2 Qxf1+ 44. Rxf1 Kg7 45. d6 Rb8 46. d7 a4 47. Rc1 a3 48. Rc8 a2 49. d8Q 1-0

[Event "Mondariz op 7th"]
[Site "Mondariz"]
[Date "2000.07.30"]
[Round "5"]
[White "Henriques, Sofia S"]
[Black "Cebrian Ramos, Jose Luis"]
[Result "1-0"]
[WhiteElo "2032"]
[BlackElo "2140"]
[PlyCount "55"]
[EventDate "2000.07.26"]
[EventType "swiss"]
[EventRounds "9"]
[EventCountry "ESP"]
[SourceTitle "EXT 2001"]
[Source "ChessBase"]
[SourceDate "2000.11.22"]
[SourceVersion "1"]
[SourceVersionDate "2000.11.22"]
[SourceQuality "1"]

1. e4 c5 2. Nf3 d6 3. d4 cxd4 4. Nxd4 Nf6 5. Nc3 a6 6. Be3 e6 7. f3 b5 8. g4 h6 9. Qe2 Nbd7 10. 0-0-0 Bb7 11. h4 b4 12. Na4 d5 13. Bh3 Ne5 14. g5 hxg5 15. hxg5 Nfd7 16. Qf2 Rc8 17. f4 Nc4 18. g6 Rh6 19. gxf7+ Kxf7 20. Bxe6+ Rxe6 21. Nxe6 Kxe6 22. exd5+ Kf7 23. Qe2 Nf6 24. Bc5 Bxd5 25. Bxf8 Kxf8 26. Rh8+ Ng8 27. Qd3 Nxb2 28. Qf5+ 1-0

[Event "Orense op 9th"]
[Site "Orense"]
[Date "2000.07.12"]
[Round "5"]
[White "Dias, Paulo Jorge Guimara"]
[Black "Cebrian Ramos, Jose Luis"]
[Result "1-0"]
[WhiteElo "2302"]
[BlackElo "2140"]
[PlyCount "51"]
[EventDate "2000.07.08"]
[EventType "swiss"]
[EventRounds "9"]
[EventCountry "ESP"]
[SourceTitle "EXT 2001"]
[Source "ChessBase"]
[SourceDate "2000.11.22"]
[SourceVersion "1"]
[SourceVersionDate "2000.11.22"]
[SourceQuality "1"]

1. c4 e5 2. Nc3 Nf6 3. g3 Bb4 4. Bg2 Bxc3 5. bxc3 0-0 6. d3 d6 7. Rb1 Nbd7 8. e4 b6 9. f4 Re8 10. Ne2 c5 11. 0-0 Nf8 12. h3 h6 13. f5 N8h7 14. g4 Nd7 15. Qe1 f6 16. Ng3 Nb8 17. Nh5 Qe7 18. Rf3 Nc6 19. h4 Kh8 20. Rb2 g5 21. fxg6 Bxg4 22. Ng3 Nf8 23. Nf5 Bxf5 24. exf5 Qg7 25. Rg3 Rac8 26. Qe2 1-0

[Event "Orense op 9th"]
[Site "Orense"]
[Date "2000.07.11"]
[Round "4"]
[White "Cebrian Ramos, Jose Luis"]
[Black "Vidal del Rio, Diego"]
[Result "1-0"]
[WhiteElo "2140"]
[BlackElo "2014"]
[PlyCount "133"]
[EventDate "2000.07.08"]
[EventType "swiss"]
[EventRounds "9"]
[EventCountry "ESP"]
[SourceTitle "EXT 2001"]
[Source "ChessBase"]
[SourceDate "2000.11.22"]
[SourceVersion "1"]
[SourceVersionDate "2000.11.22"]
[SourceQuality "1"]

1. b3 d5 2. Bb2 Bf5 3. Nf3 e6 4. e3 Nd7 5. Be2 Ngf6 6. Nh4 Bg6 7. Nxg6 hxg6 8. d3 Bd6 9. Nd2 c6 10. g3 Qc7 11. c4 0-0-0 12. d4 Rh7 13. c5 Be7 14. Kf1 Rdh8 15. Kg2 Ne4 16. Nxe4 dxe4 17. b4 g5 18. b5 f5 19. Bc1 Nf6 20. Qa4 cxb5 21. Qxa7 Qc6 22. Qa8+ Kd7 23. Qa5 Bd8 24. Qb4 Nd5 25. Qb3 Nc7 26. a4 bxa4 27. Rxa4 g4 28. Rb4 f4 29. Bxg4 f3+ 30. Kg1 Nd5 31. Rxb7+ Bc7 32. h4 g5 33. h5 Kc8 34. Bd2 Rh6 35. Ra7 Re8 36. Qa4 Qxa4 37. Rxa4 Nf6 38. Bh3 Nxh5 39. d5 Reh8 40. Bxe6+ Kb8 41. Rh3 Nxg3 42. fxg3 Rxh3 43. Bxh3 Rxh3 44. d6 Rxg3+ 45. Kf1 Bd8 46. c6 Rh3 47. c7+ Bxc7 48. dxc7+ Kxc7 49. Ba5+ Kd6 50. Rxe4 Kd5 51. Rg4 Ke5 52. Bd8 Kf5 53. Rxg5+ Ke4 54. Bb6 Rh1+ 55. Kf2 Rh2+ 56. Kf1 Rh1+ 57. Rg1 Rh6 58. Rg4+ Kd3 59. Bd4 Rh7 60. Kf2 Rf7 61. Rg3 Ke4 62. Rg4+ Kd3 63. Bb6 Rf6 64. Bc7 Rf7 65. Bb8 Rb7 66. Rd4+ Kc3 67. Bf4 1-0

[Event "Aceimar op 6th"]
[Site "Mondariz"]
[Date "1999.08.02"]
[Round "7"]
[White "Cruz Lopez Claret, Carlos"]
[Black "Cebrian Ramos, Jose Luis"]
[Result "1-0"]
[WhiteElo "2301"]
[BlackElo "2149"]
[PlyCount "65"]
[EventDate "1999.07.27"]
[EventType "swiss"]
[EventRounds "9"]
[EventCountry "ESP"]
[SourceTitle "EXT 2000"]
[Source "ChessBase"]
[SourceDate "1999.11.16"]
[SourceVersion "1"]
[SourceVersionDate "1999.11.16"]
[SourceQuality "1"]

1. d4 Nf6 2. c4 e6 3. Nc3 Bb4 4. e3 c5 5. Nge2 Ne4 6. f3 Bxc3+ 7. bxc3 Nf6 8. e4 d6 9. Ng3 0-0 10. Be3 b6 11. Bd3 Nc6 12. 0-0 e5 13. d5 Na5 14. h3 Ba6 15. Qe2 Nd7 16. Nf5 Qc7 17. Rf2 f6 18. g4 h6 19. h4 Kf7 20. f4 Rh8 21. g5 hxg5 22. fxg5 Rag8 23. h5 Ke8 24. g6 Kd8 25. Rg2 Nb8 26. h6 gxh6 27. Nxh6 Rg7 28. Rf1 Rf8 29. Nf5 Rgg8 30. g7 Rf7 31. Qh5 Qd7 32. Qh7 Qe8 33. Nxd6 1-0